Книга, возвращенная к жизни: Пропаганда редкой и ценной книги в научной библиотеке Казанского государственного медицинского университета; Библиотеки учебных заведений; № 14

Dades bibliogràfiques
Parent link:Библиотеки учебных заведений: научно-методический журнал.— , 2005
№ 14.— 2005.— С. 34-38
Autor principal: Керженевич Р. Л. Розана Лазаревна
Idioma:rus
Publicat: 2005
Col·lecció:Фонды библиотеки
Matèries:
Format: MixedMaterials Capítol de llibre
KOHA link:https://koha.lib.tpu.ru/cgi-bin/koha/opac-detail.pl?biblionumber=399105

MARC

LEADER 00000naa2a2200000 4500
001 399105
005 20231101065154.0
035 |a (RuTPU)RU\TPU\prd\40090 
035 |a RU\TPU\prd\40089 
090 |a 399105 
100 |a 20051205a2005 k y0rusy50 ca 
101 0 |a rus 
102 |a RU 
200 1 |a Книга, возвращенная к жизни  |e Пропаганда редкой и ценной книги в научной библиотеке Казанского государственного медицинского университета  |f Р. Л. Керженевич 
225 1 |a Фонды библиотеки  |e К юбилею библиотеки 
461 0 |0 (RuTPU)RU\TPU\prd\39949  |t Библиотеки учебных заведений  |o научно-методический журнал  |d 2005 
463 0 |0 (RuTPU)RU\TPU\prd\39951  |t № 14  |v С. 34-38  |d 2005 
610 1 |a университетские библиотеки 
610 1 |a фонды 
610 1 |a редкие книги 
610 1 |a пропаганда 
610 1 |a Казанский государственный медицинский университет 
700 1 |a Керженевич  |b Р. Л.  |g Розана Лазаревна 
801 1 |a RU  |b 63413507  |c 20051205  |g PSBO 
801 2 |a RU  |b 63413507  |c 20051205  |g PSBO 
942 |c BK